| 000 | 00902nam a22002417a 4500 | ||
|---|---|---|---|
| 003 | OSt | ||
| 005 | 20161217143614.0 | ||
| 008 | 161217b xxu||||| |||| 00| 0 eng d | ||
| 020 | _a0-205-29017-5 | ||
| 040 | _cLIC | ||
| 082 |
_22000 _aDC 428.0071 _bEc4 |
||
| 100 |
_918352 _aEchevarrÃa, Jana _d1956- |
||
| 245 |
_aMaking content comprehensible for English language learners : the SIOP model / _cJana Echevarria, MaryEllen Vogt, Deborah J. Short. |
||
| 260 |
_aBoston, MA : _bAllyn and Bacon, _cc2000. |
||
| 300 |
_axii, 212 pages : _billustrations ; _c24 cm. |
||
| 365 |
_b1,820.00 _cPhp |
||
| 500 | _aIncludes bibliographical references and index. | ||
| 650 | 0 |
_918353 _aEnglish language -- Study and teaching -- Foreign speakers |
|
| 650 | 0 |
_918354 _aLanguage arts -- Correlation with content subjects |
|
| 700 |
_918355 _aVogt, MaryEllen |
||
| 700 |
_918356 _aShort, Deborah |
||
| 942 |
_2ddc _cDC |
||
| 999 |
_c6055 _d6055 |
||